000 01105cam a22003377a 4500
003 CHAP
005 20220329132910.0
008 971010s1986 r 00010 d
010 _a72
011 _a1044
035 _a219
040 _cCHAP
082 _a634.9285
_bS6
100 0 0 _aSohlberg, Sune.
_9108283
245 0 _aPractical applications of remote sensing in forestry
260 _aDordrecht :
_bMartinus Nijhott,
_c1986
300 _a234 p. ilus.
_b; mapas
490 0 _aForestry science
590 _aBATCH-UPD
_b10
_c20130110
_lUCH01
_h1742
590 _aCONVERSION
_b10
_c20130109
_lUCH01
_h1302
650 1 4 _aBosques
_xInventarios.
_914240
650 1 4 _aBosques
_xMapas.
_914335
650 1 4 _aSensores remotos.
_9104427
650 1 4 _aSuelos
_xMapas.
_9110427
700 0 _aSokolov, Viatcheslav E.
_9108319
711 0 _aSeminar on the Practical Application of Remote Sensing in Forestry (1985 : Jonkoping, Sweden)
_9103970
830 0 _aForestry science
_942378
901 _aBK
942 _cLIBRO
949 _a634.9285 S6
_bBC
_cLIBRO
_d33724000247813
_eLIBRO
_gI.146831
_h75794
_i219
_si
_t311.60
999 _c72
_d72